Normal view
MARC view
Entry Topical Term
001 - CONTROL NUMBER
- control field: 4233
003 - CONTROL NUMBER IDENTIFIER
- control field: ARRUPE
005 - DATE AND TIME OF LATEST TRANSACTION
- control field: 20131127140132.0
008 - FIXED-LENGTH DATA ELEMENTS
- fixed length control field: 131127|| aca||aabn | a|a d
040 ## - CATALOGING SOURCE
- Original cataloging agency: ARRUPE
- Transcribing agency: ARRUPE
150 ## - HEADING--TOPICAL TERM
- Topical term or geographic name as entry element: Journalism
- General subdivision: Objectivity
- Geographic subdivision: United States.
670 ## - SOURCE DATA FOUND
- Source citation: Work cat.: (ARRUPE)0: Jamieson, Kathleen Hall. 4232, The press effect : politicians, journalists, and the stories that shape the political world, 2003.